00000000nas##2200000za#4500
0019.510938
003CaOODSP
00520200709171147
007ta
008150406c2003||||xxc|| m #||||f|   |0eng|d
040 |aCaOODSP|beng
041 |aeng
041 |afre
043 |an-cn---
0861 |aRv55-5/23
1102 |aCanada Border Services Agency.
24510|aCustoms D memoranda. D0, D Series checklist
260 |aOttawa - Ontario : |bCanada Border Services Agency
310 |aIrregular
500 |aIssued by Canada Customs and Revenue Agency before 2004.
563 |aLoose-leaf
7760#|tD Memoranda Checklist |w(CaOODSP)9.806701
792 |tMémorandums D des douanes. D0, Liste de contrôle série D |efre|w(CaOODSP)9.510939